| 000 | 00847nam a2200205 i 4500 | ||
|---|---|---|---|
| 001 | 46678 | ||
| 003 | ES-MaACL | ||
| 005 | 20250707073849.0 | ||
| 007 | t| | ||
| 008 | 030331s1955 sp ||||1| spa d | ||
| 111 | 2 |
_aCongreso de la Sociedad Luso-Hispano-Americana de Anatomía ( _n7º. _d1953. _cSalamanca) _9320 |
|
| 245 | 1 | 0 |
_aActas y comunicaciones científicas del VII Congreso de la Sociedad Luso-Hispano-Americana de Anatomía _b: Salamanca, 1953. |
| 260 |
_aSalamanca : _b[Consejo Superior de Investigaciones Científicas], _c1955 ( _fJura) |
||
| 300 |
_a2 v. ; _c24 cm. |
||
| 490 | 1 |
_aActa Salmanticensia. Medicina ; _v3 |
|
| 710 | 2 |
_aConsejo Superior de Investigaciones Científicas (España) _93236 |
|
| 830 | 0 | 0 |
_aActa Salmanticensia. Medicina _v3 _9182112 |
| 852 |
_aES-MaACL _jC-11872-3 _bR.39646 |
||
| 999 |
_c46678 _d46678 |
||